|
|
|
|
| LEADER |
01029nab a2200277 i 4500 |
| 001 |
publ26838 |
| 005 |
20230403091147.0 |
| 008 |
230327s2023 hu o 0|| Angol d |
| 022 |
|
|
|a 2405-8440
|
| 024 |
7 |
|
|a 10.1016/j.heliyon.2023.e14843
|2 doi
|
| 024 |
7 |
|
|a 33716892
|2 mtmt
|
| 040 |
|
|
|a SZTE Publicatio Repozitórium
|b hun
|
| 041 |
|
|
|a Angol
|
| 100 |
1 |
|
|a Hashmi Ayisha
|
| 245 |
1 |
0 |
|a Perceptions of community pharmacists regarding their role in antimicrobial stewardship in Pakistan
|h [elektronikus dokumentum] :
|b A way forward /
|c Hashmi Ayisha
|
| 260 |
|
|
|c 2023
|
| 300 |
|
|
|a 9
|
| 490 |
0 |
|
|a HELIYON
|v 9 No. 4
|
| 650 |
|
4 |
|a Farmakológia és gyógyszerészet
|
| 700 |
0 |
2 |
|a Ul Haq Muhammad Ijaz
|e aut
|
| 700 |
0 |
2 |
|a Malik Madeeha
|e aut
|
| 700 |
0 |
2 |
|a Hussain Azhar
|e aut
|
| 700 |
0 |
2 |
|a Gajdács Márió
|e aut
|
| 700 |
0 |
2 |
|a Jamshed Shazia
|e aut
|
| 856 |
4 |
0 |
|u http://publicatio.bibl.u-szeged.hu/26838/3/33716892.pdf
|z Dokumentum-elérés
|
| 856 |
4 |
0 |
|u http://publicatio.bibl.u-szeged.hu/26838/1/pagination_HLY_14843.pdf
|z Dokumentum-elérés
|